Les clubs de football les plus valorisés - Statistiques

Statistiques générales
  • Ce quiz a été pris 164 fois
  • Le résultat moyen est 26 sur 50
Statistiques - réponses
Rang Valorisation Championnat Club % Correct
3. 4,95 M$ La Liga FC Barcelone
100%
6. 4,43 M$ Premier League Manchester City
100%
1. 5,95 M$ Premier League Manchester United
100%
2. 5,23 M$ La Liga Real Madrid
100%
5. 4,46 M$ Bundesliga Bayern Munich
99%
4. 4,71 M$ Premier League Liverpool
98%
7. 3,60 M$ Premier League Arsenal
97%
8. 3,47 M$ Premier League Chelsea
97%
11. 1,73 M$ Serie A Juventus
96%
12. 1,61 M$ Bundesliga Borussia Dortmund
95%
14. 1,20 M$ Serie A AC Milan
92%
15. 1,11 M$ Serie A Inter Milan
92%
13. 1,56 M$ La Liga Atletico Madrid
90%
19. 825 m$ Ligue 1 Olympique Lyonnais
88%
10. 3,19 M$ Premier League Tottenham
87%
9. 3,41 M$ Ligue 1 Paris SG
81%
28. 690 m$ Serie A Napoli
79%
23. 710 m$ Eredivisie Ajax
77%
20 765 m$ Serie A AS Roma
76%
49. 530 m$ Serie A SS Lazio
59%
33. 610 m$ Bundesliga RB Leipzig
56%
48. 535 m$ La Liga FC Séville
55%
34. 600 m$ Premier League Everton
52%
37. 585 m$ MLS Inter Miami
52%
30. 665 m$ Premier League West Ham United
52%
17. 865 m$ MLS LA Galaxy
50%
45. 545 m$ Premier League Leicester City
42%
36. 585 m$ Serie A Atalanta
41%
35. 590 m$ Primeira Liga FC Porto
41%
31. 640 m$ Primeira Liga SL Benfica
41%
39. 575 m$ Bundesliga Eintracht Francfort
26%
46. 540 m$ Serie A brésilienne Flamengo
26%
16. 900 m$ MLS Los Angeles FC
25%
24. 705 m$ MLS Toronto FC
24%
47. 535 m$ MLS Chicago Fire
21%
50. 525 m$ MLS New York Red Bulls
21%
27. 690 m$ MLS New York City FC
20%
18. 855 m$ MLS Atlanta United
19%
22. 725 m$ MLS Seattle Sounders
16%
29. 685 m$ MLS Portland Timbers
14%
21. 735 m$ Liga MX Club America
13%
43. 555 m$ MLS Philadelphie Union
10%
25. 700 m$ MLS DC United
9%
32. 630 m$ MLS Austin FC
8%
40. 570 m$ MLS Charlotte FC
8%
26. 695 m$ Liga MX Guadalajara
7%
44. 550 m$ MLS FC Cincinnati
6%
41. 565 m$ MLS Minnesota United
6%
38. 575 m$ MLS Sporting Kansas City
6%
42. 560 m$ MLS Columbus Crew
5%
Aucun quiz correspondant
Distribution des résultats
% des personnes avec chaque résultat
Percentile par nombre de réponses
Votre historique - résultats
Vous n’avez pas pris ce quiz